000 00494nam a2200205Ia 4500
003 0100
008 130303s9999 xx 000 0 und d
020 _a0700607978
040 _cARRUPELIB
050 _aLC268.P72 1996
100 _aPritchard, Michael S.
245 _aReasonable Children
245 _bMoral education and Moral learning
260 _bUniversity Press of Kansas
260 _C1996
300 _a199p.
300 _b 22cm
650 _bEthnology
942 _2lcc
_01
999 _c64328
_d64328